Vyhliadka a vinárstvo, Svätý Jur

Guardado en:
Detalles Bibliográficos
Autor principal: Hrdličková, Alexandra (Autor)
Otros Autores: Končeková, Danica (Orientador)
Formato: Manuscrito Libro
Lenguaje:eslovaco
Publicado: 2024
Materias:
Acceso en línea:http://is.stuba.sk/zp/portal_zp.pl?podrobnosti=161762
Etiquetas: Agregar Etiqueta
Sin Etiquetas, Sea el primero en etiquetar este registro!

MARC

LEADER 00000ntm a22000003a 4500
001 stuzp98572
003 SK-STU
005 20240615211042.3
007 ta
008 150427s2015----xo-----f-mn---000-0-slo-d
040 |a STU  |b slo 
041 0 |a slo 
100 1 |a Hrdličková, Alexandra  |u 058180  |4 aut  |U FAD Fakulta architektúry a dizajnu  |T FAD Ústav architektúry občianskych budov  |X 110033  |U A8180  |Y 399  |7 110033 
242 0 1 |a Lookout Point and Winery, Svaty Jur  |y eng 
245 1 0 |a Vyhliadka a vinárstvo, Svätý Jur 
260 |c 2024 
650 4 |a kameň  |2 slo 
650 4 |a víno  |2 slo 
650 4 |a príroda  |2 slo 
650 4 |a wine  |2 eng 
650 4 |a nature  |2 eng 
650 4 |a stone  |2 eng 
700 1 |a Končeková, Danica  |u 058180  |k Z1  |4 ths  |U FAD Fakulta architektúry a dizajnu  |T FAD Ústav architektúry občianskych budov  |X 467  |U A8180  |Y 399  |7 A000000467 
856 4 |u http://is.stuba.sk/zp/portal_zp.pl?podrobnosti=161762